000 00311 a2200157 4500
001 170550
020 _a
040 _cMagnum
100 _aBrown, Pam
240 1 0 _aFlorence nightingale
_lpor
245 1 0 _aFlorence nightingale
362 0 _a1899
440 1 _aGlobo
697 _aBIOGRAFIA
942 _cBK
999 _c170550
_d170550